[Event "DVM U16w 2024"]
[Site "Neumünster GER"]
[Date "2024.12.28"]
[Round "3"]
[White "Fock, Madiha"]
[Black "Hergenröder, Cora"]
[Result "1/2-1/2"]
[Termination "normal"]
[Board "1.2"]
[WhiteElo "1797"]
[BlackElo "1681"]
[WhiteClock "00:28:35"]
[BlackClock "00:00:41"]
[WhiteTeam "TSG Oberschöneweide"]
[BlackTeam "ATSV Oberkotzau"]
[PlyCount "81"]
[WhiteFideId "16253574"]
[BlackFideId "34603700"]
[EventCountry "GER"]
[EventRounds "7"]
[EventType "team-swiss"]
[EventDate "2024.12.26"]

1. e4 {[%clk 01:30:58]} {[%emt 00:00:01]} c6 {[%clk 01:30:56]} {[%emt
00:00:05]} 2. d4 {[%clk 01:31:22]} {[%emt 00:00:05]} d5 {[%clk 01:31:21]}
{[%emt 00:00:05]} 3. exd5 {[%clk 01:31:39]} {[%emt 00:00:13]} cxd5 {[%clk
01:31:43]} {[%emt 00:00:08]} 4. c4 {[%clk 01:32:03]} {[%emt 00:00:06]} Nf6
{[%clk 01:31:52]} {[%emt 00:00:21]} 5. Nc3 {[%clk 01:32:25]} {[%emt 00:00:08]}
e6 {[%clk 01:31:44]} {[%emt 00:00:38]} 6. Nf3 {[%clk 01:32:47]} {[%emt
00:00:08]} Be7 {[%clk 01:31:32]} {[%emt 00:00:43]} 7. cxd5 {[%clk 01:32:29]}
{[%emt 00:00:47]} Nxd5 {[%clk 01:30:48]} {[%emt 00:01:14]} 8. Bd3 {[%clk
01:32:08]} {[%emt 00:00:50]} Nc6 {[%clk 01:28:53]} {[%emt 00:02:26]} 9. O-O
{[%clk 01:29:10]} {[%emt 00:03:27]} Bf6 {[%clk 01:23:33]} {[%emt 00:05:50]} 10.
Bb1 {[%clk 01:25:26]} {[%emt 00:04:14]} Nxc3 {[%clk 01:08:49]} {[%emt
00:15:15]} 11. bxc3 {[%clk 01:25:38]} {[%emt 00:00:18]} O-O {[%clk 01:08:11]}
{[%emt 00:01:07]} 12. Qd3 {[%clk 01:18:42]} {[%emt 00:07:26]} g6 {[%clk
01:05:20]} {[%emt 00:03:22]} 13. Re1 {[%clk 01:15:37]} {[%emt 00:03:35]} Ne7
{[%clk 00:48:18]} {[%emt 00:17:31]} 14. h4 {[%clk 01:02:18]} {[%emt 00:13:50]}
Nd5 {[%clk 00:38:43]} {[%emt 00:10:05]} 15. h5 {[%clk 00:55:55]} {[%emt
00:06:53]} Qc7 {[%clk 00:34:56]} {[%emt 00:04:17]} 16. hxg6 {[%clk 00:54:13]}
{[%emt 00:02:12]} hxg6 {[%clk 00:35:10]} {[%emt 00:00:16]} 17. Bd2 {[%clk
00:52:03]} {[%emt 00:02:40]} Bd7 {[%clk 00:25:46]} {[%emt 00:09:54]} 18. Bc2
{[%clk 00:46:58]} {[%emt 00:05:34]} Bc6 {[%clk 00:23:57]} {[%emt 00:02:19]} 19.
Ne5 {[%clk 00:45:21]} {[%emt 00:02:07]} Rfd8 {[%clk 00:13:30]} {[%emt
00:10:57]} 20. Ng4 {[%clk 00:42:45]} {[%emt 00:03:05]} Bg7 {[%clk 00:12:15]}
{[%emt 00:01:46]} 21. Nh6+ {[%clk 00:35:12]} {[%emt 00:08:03]} Kf8 {[%clk
00:12:10]} {[%emt 00:00:36]} 22. g3 {[%clk 00:24:04]} {[%emt 00:11:38]} Qd7
{[%clk 00:06:38]} {[%emt 00:06:01]} 23. Ng4 {[%clk 00:20:26]} {[%emt 00:04:07]}
Nf6 {[%clk 00:06:02]} {[%emt 00:01:07]} 24. Ne5 {[%clk 00:19:21]} {[%emt
00:01:35]} Qd5 {[%clk 00:05:22]} {[%emt 00:01:09]} 25. Nxc6 {[%clk 00:19:35]}
{[%emt 00:00:17]} Qxc6 {[%clk 00:05:35]} {[%emt 00:00:17]} 26. Rac1 {[%clk
00:16:57]} {[%emt 00:03:07]} Ng4 {[%clk 00:04:51]} {[%emt 00:01:14]} 27. Qe2
{[%clk 00:16:04]} {[%emt 00:01:24]} Nf6 {[%clk 00:04:54]} {[%emt 00:00:27]} 28.
Bb3 {[%clk 00:15:29]} {[%emt 00:01:05]} Rac8 {[%clk 00:04:01]} {[%emt
00:01:22]} 29. Bg5 {[%clk 00:13:06]} {[%emt 00:02:53]} Rd7 {[%clk 00:04:01]}
{[%emt 00:00:31]} 30. Qd3 {[%clk 00:10:21]} {[%emt 00:03:14]} Nh7 {[%clk
00:02:54]} {[%emt 00:01:37]} 31. Bf4 {[%clk 00:09:43]} {[%emt 00:01:08]} Rcd8
{[%clk 00:02:26]} {[%emt 00:00:58]} 32. Qe2 {[%clk 00:06:16]} {[%emt 00:03:58]}
Bf6 {[%clk 00:01:41]} {[%emt 00:01:14]} 33. Be5 {[%clk 00:06:21]} {[%emt
00:00:25]} Kg7 {[%clk 00:02:01]} {[%emt 00:00:10]} 34. Bxf6+ {[%clk 00:05:59]}
{[%emt 00:00:53]} Nxf6 {[%clk 00:02:19]} {[%emt 00:00:11]} 35. f3 {[%clk
00:04:01]} {[%emt 00:02:27]} Qc7 {[%clk 00:01:27]} {[%emt 00:01:23]} 36. Kg2
{[%clk 00:03:11]} {[%emt 00:01:20]} Nh5 {[%clk 00:01:11]} {[%emt 00:00:46]} 37.
Qe5+ {[%clk 00:02:46]} {[%emt 00:00:54]} Qxe5 {[%clk 00:01:02]} {[%emt
00:00:39]} 38. Rxe5 {[%clk 00:03:11]} {[%emt 00:00:05]} Nf6 {[%clk 00:01:11]}
{[%emt 00:00:22]} 39. Ra5 {[%clk 00:02:00]} {[%emt 00:01:41]} b6 {[%clk
00:00:50]} {[%emt 00:00:51]} 40. Re5 {[%clk 00:02:25]} {[%emt 00:00:04]} Rc7
{[%clk 00:00:41]} {[%emt 00:00:39]} 41. Ree1 {[%clk 00:28:35]} {[%emt
00:04:20]} 1/2-1/2

[Event "DVM U16w 2024"]
[Site "Neumünster GER"]
[Date "2024.12.28"]
[Round "3"]
[White "Leuchsenring, Delia"]
[Black "Vogt, Luna"]
[Result "0-1"]
[Termination "normal"]
[Board "1.3"]
[WhiteElo "1500"]
[BlackElo "1735"]
[WhiteClock "00:04:23"]
[BlackClock "00:06:34"]
[WhiteTeam "ATSV Oberkotzau"]
[BlackTeam "TSG Oberschöneweide"]
[PlyCount "58"]
[WhiteFideId "34605304"]
[BlackFideId "34607153"]
[EventCountry "GER"]
[EventRounds "7"]
[EventType "team-swiss"]
[EventDate "2024.12.26"]

1. e4 {[%clk 01:30:58]} {[%emt 00:00:01]} e5 {[%clk 01:30:53]} {[%emt
00:00:07]} 2. Nf3 {[%clk 01:31:23]} {[%emt 00:00:05]} Nc6 {[%clk 01:31:17]}
{[%emt 00:00:05]} 3. d4 {[%clk 01:31:48]} {[%emt 00:00:05]} exd4 {[%clk
01:31:38]} {[%emt 00:00:10]} 4. Nxd4 {[%clk 01:32:12]} {[%emt 00:00:07]} Bb4+
{[%clk 01:31:58]} {[%emt 00:00:09]} 5. Nc3 {[%clk 01:31:44]} {[%emt 00:00:57]}
Nf6 {[%clk 01:31:38]} {[%emt 00:00:51]} 6. Nxc6 {[%clk 01:27:27]} {[%emt
00:04:48]} bxc6 {[%clk 01:31:53]} {[%emt 00:00:14]} 7. Bd3 {[%clk 01:27:34]}
{[%emt 00:00:24]} O-O {[%clk 01:30:08]} {[%emt 00:02:14]} 8. O-O {[%clk
01:27:07]} {[%emt 00:00:56]} d5 {[%clk 01:27:59]} {[%emt 00:02:39]} 9. e5
{[%clk 01:22:25]} {[%emt 00:05:13]} Ng4 {[%clk 01:22:14]} {[%emt 00:06:14]} 10.
Bf4 {[%clk 01:20:06]} {[%emt 00:02:50]} Re8 {[%clk 01:21:38]} {[%emt 00:01:05]}
11. h3 {[%clk 01:12:29]} {[%emt 00:08:08]} Nxe5 {[%clk 01:14:06]} {[%emt
00:08:02]} 12. Bxh7+ {[%clk 01:11:58]} {[%emt 00:01:01]} Kf8 {[%clk 01:12:57]}
{[%emt 00:01:38]} 13. Qh5 {[%clk 01:02:13]} {[%emt 00:10:15]} Ng6 {[%clk
00:53:52]} {[%emt 00:19:35]} 14. Bxg6 {[%clk 00:57:11]} {[%emt 00:05:32]} fxg6
{[%clk 00:54:14]} {[%emt 00:00:09]} 15. Qxg6 {[%clk 00:55:36]} {[%emt
00:02:04]} Be6 {[%clk 00:47:08]} {[%emt 00:07:36]} 16. Rae1 {[%clk 00:52:37]}
{[%emt 00:03:30]} Qd7 {[%clk 00:45:19]} {[%emt 00:02:18]} 17. Re3 {[%clk
00:43:03]} {[%emt 00:10:05]} Bf5 {[%clk 00:40:59]} {[%emt 00:04:49]} 18. Qh5
{[%clk 00:34:04]} {[%emt 00:09:29]} d4 {[%clk 00:21:07]} {[%emt 00:20:22]} 19.
Be5 {[%clk 00:20:22]} {[%emt 00:14:12]} dxe3 {[%clk 00:15:20]} {[%emt
00:06:17]} 20. Qh8+ {[%clk 00:16:50]} {[%emt 00:04:02]} Ke7 {[%clk 00:15:43]}
{[%emt 00:00:07]} 21. Qh4+ {[%clk 00:14:41]} {[%emt 00:02:38]} Kf7 {[%clk
00:13:45]} {[%emt 00:02:29]} 22. Qc4+ {[%clk 00:05:10]} {[%emt 00:10:01]} Qe6
{[%clk 00:12:39]} {[%emt 00:01:35]} 23. Qxb4 {[%clk 00:04:22]} {[%emt
00:01:19]} Qxe5 {[%clk 00:12:44]} {[%emt 00:00:25]} 24. g4 {[%clk 00:04:16]}
{[%emt 00:00:36]} exf2+ {[%clk 00:07:59]} {[%emt 00:05:16]} 25. Rxf2 {[%clk
00:04:08]} {[%emt 00:00:38]} Qg3+ {[%clk 00:07:38]} {[%emt 00:00:49]} 26. Kf1
{[%clk 00:03:53]} {[%emt 00:00:46]} Qxh3+ {[%clk 00:07:58]} {[%emt 00:00:09]}
27. Rg2 {[%clk 00:03:59]} {[%emt 00:00:25]} Qh1+ {[%clk 00:06:29]} {[%emt
00:01:59]} 28. Kf2 {[%clk 00:04:00]} {[%emt 00:00:29]} Qe1+ {[%clk 00:06:34]}
{[%emt 00:00:25]} 29. Kf3 {[%clk 00:04:23]} {[%emt 00:00:07]} Qe3# {[%emt
00:00:17]} 0-1

[Event "DVM U16w 2024"]
[Site "Neumünster GER"]
[Date "2024.12.28"]
[Round "3"]
[White "Weng, Yueyi Elina"]
[Black "Köppel, Clementine"]
[Result "1-0"]
[Termination "normal"]
[Board "1.4"]
[WhiteElo "1719"]
[BlackElo "1555"]
[WhiteClock "00:33:21"]
[BlackClock "00:04:58"]
[WhiteTeam "TSG Oberschöneweide"]
[BlackTeam "ATSV Oberkotzau"]
[PlyCount "97"]
[WhiteFideId "34639896"]
[BlackFideId "34605819"]
[EventCountry "GER"]
[EventRounds "7"]
[EventType "team-swiss"]
[EventDate "2024.12.26"]

1. e4 {[%clk 01:30:58]} e5 {[%clk 01:30:52]} {[%emt 00:00:10]} 2. Nf3 {[%clk
01:31:23]} {[%emt 00:00:05]} Nf6 {[%clk 01:31:11]} {[%emt 00:00:11]} 3. Nxe5
{[%clk 01:31:44]} {[%emt 00:00:08]} d6 {[%clk 01:31:29]} {[%emt 00:00:13]} 4.
Nf3 {[%clk 01:32:08]} {[%emt 00:00:05]} Nxe4 {[%clk 01:31:41]} {[%emt
00:00:17]} 5. Nc3 {[%clk 01:32:31]} {[%emt 00:00:09]} Nxc3 {[%clk 01:30:55]}
{[%emt 00:01:16]} 6. dxc3 {[%clk 01:31:01]} {[%emt 00:01:59]} Be6 {[%clk
01:28:51]} {[%emt 00:02:34]} 7. Be3 {[%clk 01:29:51]} {[%emt 00:01:40]} Be7
{[%clk 01:27:38]} {[%emt 00:01:44]} 8. Qd2 {[%clk 01:29:42]} {[%emt 00:00:39]}
O-O {[%clk 01:25:13]} {[%emt 00:02:55]} 9. O-O-O {[%clk 01:29:08]} {[%emt
00:01:03]} Nc6 {[%clk 01:17:09]} {[%emt 00:08:34]} 10. Kb1 {[%clk 01:27:35]}
{[%emt 00:02:03]} Bf6 {[%clk 01:14:29]} {[%emt 00:03:09]} 11. h4 {[%clk
01:19:57]} {[%emt 00:08:09]} Bg4 {[%clk 01:06:45]} {[%emt 00:08:12]} 12. h5
{[%clk 01:15:11]} {[%emt 00:05:18]} h6 {[%clk 01:03:02]} {[%emt 00:04:14]} 13.
Re1 {[%clk 01:12:19]} {[%emt 00:03:21]} Bxf3 {[%clk 01:00:34]} {[%emt
00:02:58]} 14. gxf3 {[%clk 01:11:11]} {[%emt 00:01:38]} Re8 {[%clk 00:51:57]}
{[%emt 00:09:06]} 15. Be2 {[%clk 01:07:23]} {[%emt 00:04:19]} Re6 {[%clk
00:40:07]} {[%emt 00:12:19]} 16. Rhg1 {[%clk 01:00:07]} {[%emt 00:07:46]} Rxe3
{[%clk 00:27:57]} {[%emt 00:12:41]} 17. fxe3 {[%clk 00:56:50]} {[%emt
00:03:46]} Bh4 {[%clk 00:23:48]} {[%emt 00:04:39]} 18. Rd1 {[%clk 00:54:53]}
{[%emt 00:02:27]} Qe7 {[%clk 00:20:43]} {[%emt 00:03:35]} 19. e4 {[%clk
00:51:02]} {[%emt 00:04:22]} Kh7 {[%clk 00:18:55]} {[%emt 00:02:15]} 20. Qd5
{[%clk 00:45:21]} {[%emt 00:06:13]} Re8 {[%clk 00:14:17]} {[%emt 00:05:09]} 21.
Qf5+ {[%clk 00:43:05]} {[%emt 00:02:45]} Kh8 {[%clk 00:13:21]} {[%emt
00:01:27]} 22. Bd3 {[%clk 00:42:47]} {[%emt 00:00:47]} Qe5 {[%clk 00:12:22]}
{[%emt 00:01:30]} 23. Qxe5 {[%clk 00:42:34]} {[%emt 00:00:42]} Rxe5 {[%clk
00:12:41]} {[%emt 00:00:12]} 24. Bc4 {[%clk 00:40:08]} {[%emt 00:02:56]} Nd8
{[%clk 00:11:54]} {[%emt 00:01:18]} 25. Rd5 {[%clk 00:39:38]} {[%emt 00:00:58]}
Re6 {[%clk 00:10:17]} {[%emt 00:02:08]} 26. Ra5 {[%clk 00:39:29]} {[%emt
00:00:39]} Re8 {[%clk 00:09:10]} {[%emt 00:01:38]} 27. Rxa7 {[%clk 00:39:20]}
{[%emt 00:00:37]} Bf2 {[%clk 00:09:19]} {[%emt 00:00:21]} 28. Ra8 {[%clk
00:38:50]} {[%emt 00:01:00]} Bxg1 {[%clk 00:07:29]} {[%emt 00:02:21]} 29. Bxf7
{[%clk 00:38:57]} {[%emt 00:00:23]} Rf8 {[%clk 00:07:33]} {[%emt 00:00:26]} 30.
Bg6 {[%clk 00:30:36]} {[%emt 00:08:50]} Kg8 {[%clk 00:07:27]} {[%emt 00:00:37]}
31. Bf5 {[%clk 00:30:05]} {[%emt 00:00:58]} Nc6 {[%clk 00:06:48]} {[%emt
00:01:13]} 32. Be6+ {[%clk 00:29:38]} {[%emt 00:00:56]} Kh7 {[%clk 00:06:20]}
{[%emt 00:00:58]} 33. Rxf8 {[%clk 00:29:56]} {[%emt 00:00:12]} Ne7 {[%clk
00:03:23]} {[%emt 00:03:28]} 34. Bf5+ {[%clk 00:29:32]} {[%emt 00:00:52]} g6
{[%clk 00:03:27]} {[%emt 00:00:27]} 35. hxg6+ {[%clk 00:29:41]} {[%emt
00:00:21]} Nxg6 {[%clk 00:03:12]} {[%emt 00:00:45]} 36. Rf7+ {[%clk 00:30:01]}
{[%emt 00:00:08]} Kh8 {[%clk 00:03:18]} {[%emt 00:00:26]} 37. Bxg6 {[%clk
00:30:16]} {[%emt 00:00:15]} Be3 {[%clk 00:03:32]} {[%emt 00:00:16]} 38. Rxc7
{[%clk 00:30:26]} {[%emt 00:00:20]} b6 {[%clk 00:03:56]} {[%emt 00:00:06]} 39.
b4 {[%clk 00:30:13]} {[%emt 00:00:42]} Bf4 {[%clk 00:03:40]} {[%emt 00:00:47]}
40. Rb7 {[%clk 00:30:35]} {[%emt 00:00:08]} Be5 {[%clk 00:03:25]} {[%emt
00:00:45]} 41. Kb2 {[%clk 00:30:52]} {[%emt 00:00:14]} Kg8 {[%clk 00:03:20]}
{[%emt 00:00:33]} 42. a4 {[%clk 00:31:14]} {[%emt 00:00:09]} Kf8 {[%clk
00:03:33]} {[%emt 00:00:16]} 43. a5 {[%clk 00:31:37]} {[%emt 00:00:07]} bxa5
{[%clk 00:03:47]} {[%emt 00:00:17]} 44. bxa5 {[%clk 00:32:00]} {[%emt
00:00:07]} Kg8 {[%clk 00:03:37]} {[%emt 00:00:40]} 45. a6 {[%clk 00:32:20]}
{[%emt 00:00:10]} Bg7 {[%clk 00:03:55]} {[%emt 00:00:10]} 46. a7 {[%clk
00:32:44]} {[%emt 00:00:09]} Bf8 {[%clk 00:04:12]} {[%emt 00:00:09]} 47. a8=Q
{[%clk 00:32:55]} {[%emt 00:00:21]} d5 {[%clk 00:04:35]} {[%emt 00:00:08]} 48.
Bh7+ {[%clk 00:33:21]} {[%emt 00:00:05]} Kh8 {[%clk 00:04:58]} {[%emt
00:00:07]} 49. Qxf8# {[%emt 00:00:04]} 1-0

[Event "DVM U16w 2024"]
[Site "Neumünster GER"]
[Date "2024.12.28"]
[Round "3"]
[White "Jacobasch, Ronja"]
[Black "Czäczine, Paula"]
[Result "0-1"]
[Termination "normal"]
[Board "2.1"]
[WhiteElo "1801"]
[BlackElo "1811"]
[WhiteClock "00:06:22"]
[BlackClock "00:06:36"]
[WhiteTeam "SSV Altenberg"]
[BlackTeam "Chemnitzer SC Aufbau95"]
[PlyCount "126"]
[WhiteFideId "34604340"]
[BlackFideId "16249305"]
[EventCountry "GER"]
[EventRounds "7"]
[EventType "team-swiss"]
[EventDate "2024.12.26"]

1. c4 {[%clk 01:30:57]} {[%emt 00:00:02]} e6 {[%clk 01:30:49]} {[%emt
00:00:11]} 2. g3 {[%clk 01:27:19]} {[%emt 00:04:09]} Nf6 {[%clk 01:31:12]}
{[%emt 00:00:07]} 3. Bg2 {[%clk 01:27:02]} {[%emt 00:00:46]} d5 {[%clk
01:31:31]} {[%emt 00:00:11]} 4. Nf3 {[%clk 01:23:06]} {[%emt 00:04:27]} Be7
{[%clk 01:31:52]} {[%emt 00:00:09]} 5. O-O {[%clk 01:22:37]} {[%emt 00:00:58]}
O-O {[%clk 01:32:13]} {[%emt 00:00:09]} 6. cxd5 {[%clk 01:20:11]} {[%emt
00:02:55]} exd5 {[%clk 01:31:02]} {[%emt 00:01:43]} 7. d4 {[%clk 01:16:56]}
{[%emt 00:03:46]} Bf5 {[%clk 01:23:46]} {[%emt 00:07:45]} 8. Nc3 {[%clk
01:14:18]} {[%emt 00:03:08]} Nbd7 {[%clk 01:17:07]} {[%emt 00:07:08]} 9. Bf4
{[%clk 01:08:11]} {[%emt 00:06:37]} Nb6 {[%clk 01:11:22]} {[%emt 00:06:16]} 10.
Rc1 {[%clk 00:58:49]} {[%emt 00:09:51]} Nh5 {[%clk 01:03:27]} {[%emt 00:08:26]}
11. Bd2 {[%clk 00:46:03]} {[%emt 00:13:16]} Nc4 {[%clk 01:02:10]} {[%emt
00:01:47]} 12. Nxd5 {[%clk 00:32:15]} {[%emt 00:14:17]} Qxd5 {[%clk 00:50:31]}
{[%emt 00:12:09]} 13. Ne5 {[%clk 00:28:58]} {[%emt 00:03:47]} Qxd4 {[%clk
00:45:37]} {[%emt 00:05:24]} 14. Nxc4 {[%clk 00:27:37]} {[%emt 00:01:51]} Nf6
{[%clk 00:38:43]} {[%emt 00:07:24]} 15. Bc3 {[%clk 00:24:08]} {[%emt 00:04:00]}
Qxd1 {[%clk 00:35:15]} {[%emt 00:03:58]} 16. Rfxd1 {[%clk 00:24:10]} {[%emt
00:00:27]} c6 {[%clk 00:31:17]} {[%emt 00:04:27]} 17. Nd6 {[%clk 00:22:27]}
{[%emt 00:02:14]} Bxd6 {[%clk 00:24:07]} {[%emt 00:07:40]} 18. Rxd6 {[%clk
00:22:52]} {[%emt 00:00:06]} Ne4 {[%clk 00:23:41]} {[%emt 00:00:55]} 19. Bxe4
{[%clk 00:20:44]} {[%emt 00:02:38]} Bxe4 {[%clk 00:24:02]} {[%emt 00:00:10]}
20. Rd7 {[%clk 00:20:54]} {[%emt 00:00:20]} b6 {[%clk 00:21:47]} {[%emt
00:02:44]} 21. Rcd1 {[%clk 00:19:59]} {[%emt 00:01:25]} Bd5 {[%clk 00:21:28]}
{[%emt 00:00:50]} 22. b3 {[%clk 00:19:53]} {[%emt 00:00:35]} Rfe8 {[%clk
00:20:45]} {[%emt 00:01:13]} 23. Rd2 {[%clk 00:19:37]} {[%emt 00:00:47]} a5
{[%clk 00:18:31]} {[%emt 00:02:43]} 24. Bd4 {[%clk 00:14:45]} {[%emt 00:05:22]}
b5 {[%clk 00:15:15]} {[%emt 00:03:47]} 25. Bc5 {[%clk 00:14:01]} {[%emt
00:01:14]} a4 {[%clk 00:12:45]} {[%emt 00:02:59]} 26. b4 {[%clk 00:14:03]}
{[%emt 00:00:27]} a3 {[%clk 00:12:37]} {[%emt 00:00:39]} 27. f3 {[%clk
00:13:19]} {[%emt 00:01:15]} h6 {[%clk 00:12:15]} {[%emt 00:00:52]} 28. Kf2
{[%clk 00:12:06]} {[%emt 00:01:42]} Bc4 {[%clk 00:10:58]} {[%emt 00:01:47]} 29.
e3 {[%clk 00:11:39]} {[%emt 00:00:57]} Re5 {[%clk 00:04:27]} {[%emt 00:07:02]}
30. Rd8+ {[%clk 00:08:57]} {[%emt 00:03:11]} Re8 {[%clk 00:04:28]} {[%emt
00:00:29]} 31. R8d7 {[%clk 00:09:08]} {[%emt 00:00:19]} f6 {[%clk 00:04:22]}
{[%emt 00:00:36]} 32. R7d6 {[%clk 00:08:46]} {[%emt 00:00:52]} Rac8 {[%clk
00:04:25]} {[%emt 00:00:27]} 33. Rd7 {[%clk 00:08:50]} {[%emt 00:00:26]} Kh7
{[%clk 00:04:09]} {[%emt 00:00:46]} 34. Ra7 {[%clk 00:06:20]} {[%emt 00:03:00]}
Ra8 {[%clk 00:04:00]} {[%emt 00:00:39]} 35. Rad7 {[%clk 00:04:45]} {[%emt
00:02:05]} Re5 {[%clk 00:03:48]} {[%emt 00:00:42]} 36. Bd4 {[%clk 00:03:54]}
{[%emt 00:01:21]} Rd5 {[%clk 00:04:05]} {[%emt 00:00:14]} 37. Rc7 {[%clk
00:03:01]} {[%emt 00:01:23]} Ra4 {[%clk 00:03:29]} {[%emt 00:01:05]} 38. e4
{[%clk 00:02:04]} {[%emt 00:01:28]} Rd6 {[%clk 00:03:37]} {[%emt 00:00:22]} 39.
Ke3 {[%clk 00:00:46]} {[%emt 00:01:48]} Rxb4 {[%clk 00:02:13]} {[%emt
00:01:54]} 40. Ra7 {[%clk 00:00:38]} {[%emt 00:00:38]} Bxa2 {[%clk 00:01:02]}
{[%emt 00:01:41]} 41. Rxa3 {[%clk 00:26:26]} {[%emt 00:04:41]} Be6 {[%clk
00:27:28]} {[%emt 00:04:03]} 42. Bc3 {[%clk 00:21:50]} {[%emt 00:05:07]} Rxd2
{[%clk 00:27:09]} {[%emt 00:00:49]} 43. Bxd2 {[%clk 00:21:12]} {[%emt
00:01:08]} Rb2 {[%clk 00:23:16]} {[%emt 00:04:23]} 44. Rc3 {[%clk 00:19:33]}
{[%emt 00:02:09]} Bc4 {[%clk 00:23:11]} {[%emt 00:00:35]} 45. h4 {[%clk
00:18:25]} {[%emt 00:01:38]} Kg6 {[%clk 00:22:06]} {[%emt 00:01:35]} 46. Ra3
{[%clk 00:17:52]} {[%emt 00:01:03]} c5 {[%clk 00:18:54]} {[%emt 00:03:42]} 47.
Bc3 {[%clk 00:11:52]} {[%emt 00:06:30]} Re2+ {[%clk 00:17:42]} {[%emt
00:01:42]} 48. Kf4 {[%clk 00:12:16]} {[%emt 00:00:06]} b4 {[%clk 00:17:33]}
{[%emt 00:00:39]} 49. h5+ {[%clk 00:11:00]} {[%emt 00:01:46]} Kxh5 {[%clk
00:10:09]} {[%emt 00:07:54]} 50. Ra5 {[%clk 00:09:29]} {[%emt 00:02:01]} Be6
{[%clk 00:07:29]} {[%emt 00:03:09]} 51. g4+ {[%clk 00:08:52]} {[%emt 00:01:07]}
Kh4 {[%clk 00:07:34]} {[%emt 00:00:26]} 52. Bxf6 {[%clk 00:07:33]} {[%emt
00:01:50]} gxf6 {[%clk 00:07:53]} {[%emt 00:00:10]} 53. Rxc5 {[%clk 00:07:28]}
{[%emt 00:00:35]} Kh3 {[%clk 00:06:43]} {[%emt 00:01:39]} 54. Rc6 {[%clk
00:06:34]} {[%emt 00:01:25]} Ba2 {[%clk 00:05:23]} {[%emt 00:01:50]} 55. Rxf6
{[%clk 00:06:47]} {[%emt 00:00:17]} b3 {[%clk 00:05:20]} {[%emt 00:00:33]} 56.
Rxh6+ {[%clk 00:06:33]} {[%emt 00:00:45]} Kg2 {[%clk 00:05:44]} {[%emt
00:00:05]} 57. Ra6 {[%clk 00:06:32]} {[%emt 00:00:30]} Rf2 {[%clk 00:05:14]}
{[%emt 00:01:00]} 58. e5 {[%clk 00:06:08]} {[%emt 00:00:55]} b2 {[%clk
00:05:21]} {[%emt 00:00:23]} 59. Rxa2 {[%clk 00:06:29]} {[%emt 00:00:10]} b1=Q
{[%clk 00:05:39]} {[%emt 00:00:11]} 60. Rxf2+ {[%clk 00:06:52]} {[%emt
00:00:08]} Kxf2 {[%clk 00:06:03]} {[%emt 00:00:05]} 61. g5 {[%clk 00:06:05]}
{[%emt 00:01:17]} Qg6 {[%clk 00:06:00]} {[%emt 00:00:32]} 62. Kg4 {[%clk
00:06:03]} {[%emt 00:00:33]} Ke3 {[%clk 00:06:15]} {[%emt 00:00:15]} 63. f4
{[%clk 00:06:22]} {[%emt 00:00:11]} Ke4 {[%clk 00:06:36]} {[%emt 00:00:09]} 0-1